Normal view
MARC view
- Voltmer, Edward F .
Entry Personal Name
001 - CONTROL NUMBER
- control field: 1460
003 - CONTROL NUMBER IDENTIFIER
- control field: OSt
005 - DATE AND TIME OF LATEST TRANSACTION
- control field: 20160923150843.0
008 - FIXED-LENGTH DATA ELEMENTS
- fixed length control field: 160923|| aca||aabn | a|a d
040 ## - CATALOGING SOURCE
- Original cataloging agency: OSt
- Transcribing agency: OSt
100 ## - HEADING--PERSONAL NAME
- Personal name: Voltmer, Edward F .
670 ## - SOURCE DATA FOUND
- Source citation: Work cat.: (OSt)7924: Voltmer, Edward F ., Organization and Administration of Physical Education / , 1964.
